Normal view
MARC view
Entry Topical Term
001 - CONTROL NUMBER
- control field: 118895
003 - CONTROL NUMBER IDENTIFIER
- control field: OSt
005 - DATE AND TIME OF LATEST TRANSACTION
- control field: 20230602115055.0
008 - FIXED-LENGTH DATA ELEMENTS
- fixed length control field: 230602|| aca||aabn | a|a d
040 ## - CATALOGING SOURCE
- Original cataloging agency: OSt
- Transcribing agency: OSt
150 ## - HEADING--TOPICAL TERM
- Topical term or geographic name entry element: Urban Communities
670 ## - SOURCE DATA FOUND
- Source citation: Work cat.: (OSt)174784: PHADKE (V S);GUHA (S B),Ed 118893, Urbanisation development and environment, 2005